[Event "Treppenturnier 2023"]
[Site "Turnierstufe"]
[Date "2023.11.04"]
[Round "07-1"]
[White "Prisma"]
[Black "Kishon Chesster"]
[Result "0-1"]
[WhiteElo "1836"]
[BlackElo "1825"]
[PlyCount "105"]

1.Nf3 {Kishon Chesster macht weniger fehler und gewinnt.} 1...d5 2.d4 Nf6 3.c4 
c6 4.Nc3 dxc4 5.a4 Bf5 6.Ne5 e6 7.f3 Bb4 {Buchende.} 8.Bg5 {Buchende.} 8...Qa5 
9.Qd2 b5 10.e4 Bxe4 11.Bxf6 Bxc3 12.bxc3 gxf6 13.Nxf7 Kxf7 {Kishon Chesster
meint, er sei dem Gegner um eine Nasenlänge voraus. Wohl eher nicht, ...} 
14.fxe4 Nd7 15.Ra2 Qb6 {... denn der schwarze Mehrbauer fällt kaum ins Gewicht,
...} 16.axb5 cxb5 17.Be2 Ke7 18.Rb2 Qa5 19.O-O {... weil Weiß wesentlich aktiver
und sicherer steht.} 19...a6 20.Ra2 Qb6 21.Rb1 Qc6 22.Bf3 Rag8 23.Rba1 Nb8 
24.Qf4 Qb6 25.Kh1 h6 26.e5 $1 {Nun wird es brenzlig für den Chesster, aber beide
Oldies rechnen nicht tief genug, um in dieser komplexen Stellung die richtige
Fortsetzung zu finden.} 26...fxe5 27.Qxe5 ( {Wesentlich stärker, aber nicht zu
finden, ist:} 27.dxe5 $1 Rd8 ( 27...Rf8 28.Qh4+ Kd7 29.Rd2+ Kc8 30.Rd6 Qc7 
31.Qh3 Qf7 32.Rxe6 {...} ) 28.Qf6+ Kd7 29.Rd2+ Kc8 30.Rd6 Rxd6 31.exd6 Rd8 
32.Qxe6+ Nd7 33.Re1 {...} ) 27...Rh7 $2 ( 27...Qd6 {hält die schwarze Stellung
noch zusammen.} ) 28.Qe4 Rf7 29.Bh5 ( 29.d5 $1 e5 ( 29...Rgf8 30.Re2 e5 
31.Qxe5+ {...} ) 30.Qxe5+ Kd7 31.Re1 {...} ) 29...Rf5 30.g4 Rf6 $2 31.Qh7+ Kf8 
32.Re2 $2 {Der wK musste aus der Diagonale nach g1.} 32...Qd6 ( 32...Qc6+ $1 
33.Re4 Nd7 34.Kg1 Rg7 35.Qh8+ Rg8 36.Qh7 {... Remis.} ) 33.Rg2 b4 34.g5 Qd5 
{Jeder andere Zug verliert.} 35.cxb4 $6 {Die Stellung ist für beide ein
MInenfeld, ein Fehltritt und es ist aus.} 35...hxg5 36.Qa7 $6 Nc6 37.Qxa6 $6 
Rf2 {Prisma macht weiter fragwürdige Züge und Chesster kommt immer mehr in
Vorteil.} 38.Rg1 Ke7 $6 {Auch ungenau.} ( 38...Kg7 $1 39.Qb7+ Kh6 {...} ) 
39.Qb7+ Kd6 40.b5 {alles wieder ausgeglichen.} 40...Rxg2 41.Rxg2 Nxd4 42.Qxd5+ 
$4 {Ein dicker Patzer und das war's ...} 42...exd5 {"Na, ich bin gespannt, was
du jetzt machst."} 43.b6 Rb8 44.Rxg5 Rxb6 45.Bf7 Ne6 46.Bxe6 Rb1+ 47.Rg1 $2 {So
geht's schneller.} 47...Rxg1+ 48.Kxg1 Kxe6 49.Kf2 d4 50.Ke2 d3+ 51.Ke3 Kf5 
52.h3 Kg5 53.h4+ {Das schafft Kishon Chesster.} 0-1

[Event "Treppenturnier 2023"]
[Site "Turnierstufe"]
[Date "2023.11.06"]
[Round "07-2"]
[White "Kishon Chesster"]
[Black "Prisma"]
[Result "0-1"]
[WhiteElo "1835"]
[BlackElo "1826"]
[PlyCount "69"]

{Kishon Chesster verliert aufgrund eines mißglückten Angriffs Material und muss
aufgeben.} 1.d4 Nf6 2.c4 e6 3.Nc3 {Buchende!} 3...d5 4.Bf4 dxc4 {Buchende.} 
5.e3 Nd5 6.Bxc4 Nxf4 7.exf4 Bb4 8.Nf3 Qf6 9.Qd2 O-O 10.O-O Rd8 11.Qe3 Nc6 
12.Ne4 Qf5 13.Bd3 Qa5 14.a3 Be7 15.Neg5 {Versucht einen Königsangriff, der aber
nicht durchdringen kann.} 15...h6 16.b4 {Hier jault Kishon Chesster: "Ouuuh,
nicht gerade angenehm ..."} 16...Qb6 17.Bh7+ Kf8 18.Ne4 $2 {Kishon Chesster hat
sich verkalkuliert.} ( {Die vielleicht noch spielbare Variante...} 18.Nxf7 Kxf7 
19.Rad1 Bd7 20.Rfe1 {... kann kein Oldie erkennen. Hiarcs 15.2 würde so
spielen.} ) 18...Nxd4 19.Ne5 Nc2 $2 {Und jetzt patzt Prisma, weil er nicht so
weit rechnen kann.} 20.Qxb6 $2 {Und der Fidelity kann es natürlich auch nicht
sehen.} ( 20.Qe2 $1 Bd6 ( 20...Nxa1 $4 {Matt in 7} 21.Qh5 g6 22.Qxh6+ Ke8 
23.Qg7 Qxf2+ 24.Nxf2 Rd4 25.Qxf7+ Kd8 26.Qg8+ Bf8 27.Qxf8# ) 21.Qxc2 Bxe5 
22.fxe5 {...} ) 20...axb6 {Prisma ist auf der Siegerstraße.} 21.Rac1 Nxa3 
22.Rxc7 Nb5 23.Rc2 {"Hör' mal, du beginnst gefährlich zu werden."} 23...Bxb4 ( 
23...g6 $1 {ist noch stärker.} ) 24.Rb2 Ra4 25.Rfb1 Nc7 26.Nc4 Nd5 27.Rb3 Bc5 
28.Nb2 Ra2 29.Nd3 Bd4 30.Nc1 Rc2 31.Nd3 g6 {"Du bist schlauer als du
aussiehst."} 32.Nb4 Nxb4 33.Rxb4 Kg7 34.Bxg6 {Chesster bietet ein Remis an!} 
34...Kxg6 {(-4,45, aus Sicht von Weiß)} 35.Kf1 {und Kishon Chesster gibt auf.
Das scheint etwas früh, aber es ist seine Entscheidung.} ( {Es könnte so
weitergehen:} 35.Kf1 Kf5 36.Ng3+ Kf6 37.Ne4+ Ke7 38.Rd1 Bc5 39.Rbb1 Rxd1+ 
40.Rxd1 {usw.} ) 0-1

[Event "Treppenturnier 2023"]
[Site "Turnierstufe"]
[Date "2023.11.07"]
[Round "07-3"]
[White "Prisma"]
[Black "Kishon Chesster"]
[Result "1/2-1/2"]
[WhiteElo "1836"]
[BlackElo "1825"]
[PlyCount "144"]

1.e4 c5 2.Nf3 d6 3.d4 cxd4 4.Nxd4 Nf6 5.Nc3 g6 {Buchende.} 6.f3 {Buchende.} 
6...e5 7.Nb3 Nc6 8.Bg5 h6 9.Be3 Bg7 10.Qd2 Be6 11.O-O-O Bf8 {Sieht gar nicht gut
aus, aber was ist die Alternative?} 12.Kb1 Bxb3 13.axb3 Qa5 14.Nb5 Qxd2 15.Rxd2 
Kd7 {Wie soll Schwarz die Bauernschwächen auf d6, f7 und auch a7 gleichzeitig
schützen? Es sieht schlecht aus für den Kishon Chesster.} 16.Bc5 {Stärker ist
wohl noch:} ( 16.Bc4 Rh7 17.Rhd1 Ne8 18.Bc5 Rd8 19.Nxa7 Nxa7 20.Bxa7 {...} ) 
16...Ne8 17.Bc4 a6 18.Nc3 Kc7 19.Bxf7 dxc5 20.Nd5+ Kb8 21.Bxe8 Ka7 {"Ouuh, nicht
gerade angenehm." Kishon Chesster untertreibt ein wenig.} 22.Bxg6 Nd4 
{"...Meine Lage könnte ein wenig besser sein."} 23.Rhd1 Bd6 24.Ne3 Be7 25.Nc4 
Bf6 26.Bf5 Rhg8 27.h3 {Wann kommt endlich c3?} 27...h5 28.Rf1 $2 {Was soll das
denn? Weiß muss den Türmen Platz schaffen.} ( 28.c3 $1 Nc6 29.Rd6 Raf8 {usw.} ) 
28...Bg5 29.Rd3 Bf4 30.Rf2 Rg3 31.h4 Rg7 32.Bh3 Bg3 33.Rfd2 Rgg8 34.Bf5 {Prisma
hat keinen Plan. Wieder sollte 34. c3 kommen.} 34...Raf8 35.Bd7 Rd8 36.Bf5 Rdf8 
{"Hey, wie wäre es mit einem Remis?"} 37.b4 $2 cxb4 {Es ist nicht mehr weit bis
zum Remis.} 38.Bh3 Rg6 39.Kc1 Rd8 40.Bf5 Rc6 41.Na5 $4 Rc7 $4 ( 41...Rc5 $1 ) 
42.Kb1 Rg8 43.Bh3 Bxh4 44.c3 bxc3 45.bxc3 Nb5 46.Be6 $2 {Jetzt kommt Schwarz
auch noch in Vorteil.} 46...Rgg7 47.c4 Nd4 48.Bh3 Be1 49.Ra2 b6 50.Nb3 Nxb3 
51.Rxb3 Rxc4 52.g4 hxg4 53.Bf1 Rb4 54.Rxa6+ Kb7 55.Rxb4 Bxb4 56.Ra4 gxf3 
57.Ba6+ Ka7 58.Be2+ Ba5 59.Bxf3 {Remis!?} 59...Ka6 60.Be2+ b5 {Rest der Partie
mit je 1 Minute/Zug} 61.Ra2 Kb6 62.Rb2 b4 63.Rd2 Rg2 64.Rb2 Kc5 65.Rc2+ Kd4 
66.Rc4+ Ke3 67.Bd1 Rg1 68.Rc1 Kd4 69.Bf3 Rxc1+ 70.Kxc1 Kc3 71.Bh5 b3 72.Kb1 Bb6 
{Lassen wir's dabei, Remis, was sonst...} 1/2-1/2

[Event "Treppenturnier 2023"]
[Site "Turnierstufe"]
[Date "2023.11.09"]
[Round "07-4"]
[White "Kishon Chesster"]
[Black "Prisma"]
[Result "1-0"]
[WhiteElo "1825"]
[BlackElo "1836"]
[PlyCount "107"]

{Kishon Chesster nutzt einen taktischen Fehler des Gegners zum Sieg.} 1.e4 e6 
2.d4 d5 3.Nd2 {Buchende.} 3...dxe4 4.Nxe4 Nd7 5.Nf3 Ngf6 {Buchende.} 6.Bd3 Nxe4 
7.Bxe4 Be7 8.O-O Nf6 9.Bd3 O-O 10.Bf4 Bd7 11.Ne5 c5 12.dxc5 Bxc5 13.c4 Rc8 
14.Qd2 Qe7 15.a3 Rfd8 16.b4 Bb6 17.c5 Bc7 18.Qc2 h6 19.Rfe1 Nh5 20.Bd2 Nf6 
21.Bc3 Nd5 22.Bb2 Qe8 23.Qc4 Nf6 24.Rac1 Qe7 25.Bc2 b6 26.Nxd7 {Weiß hat mehr
Raum, das langschrittige Läuferpaar und könnte sich nun einen starken Freibauern
auf c6 verschaffen.} 26...Rxd7 27.a4 $6 ( {Sofort} 27.c6 $1 Rd5 28.a4 ) 
27...bxc5 28.bxc5 Nd5 29.Qd3 g6 30.c6 Rdd8 31.Qd4 e5 {Prisma bläst zur Damenjagd
und spielt für seine Verhältnisse erstaunlich aktiv, lässt aber seinen König
recht ungeschützt stehen.} 32.Qe4 f5 33.Qf3 e4 34.Qb3 Rb8 35.Qa2 Qd6 36.g3 Ba5 
$2 {Der Bauer c6 ist natürlich tabu, aber dieser Zug ist erst recht ein Fehler,
den Prisma und Kishon Chesster jedoch (noch) nicht erkennen können.} 37.Red1 
{Die Kreuzfesselung des Springers ist tödlich für Schwarz.} 37...e3 {Prisma ahnt
das Unheil.} 38.fxe3 {"Steig' aus Freundchen, solange es noch möglich ist."} 
38...Qe6 39.e4 fxe4 40.Bb3 Rxb3 41.Qxb3 Bc7 42.Bd4 a5 43.Be3 Kh7 44.Rd2 Rd6 
45.Qb7 {Schön gespielt vom Fidelity. Jetzt ist Schwarz in allen Varianten am
Ende, z.B:} ( 45.Qb7 Qe7 46.Bc5 {...} ) ( 45.Qb7 Ne7 46.Qxc7 Rxd2 47.Bxd2 e3 
48.Bxa5 {...} ) ( 45.Qb7 Qf7 46.Rf1 Qg7 47.Bd4 Qg8 48.Be5 g5 49.Bxd6 Kg6 
50.Bxc7 {...} ) 45...Kg8 46.Rxd5 {"Naja, so bin ich, wenn ich mich wirklich
konzentriere."} 46...Rxd5 47.Qxc7 Qe8 48.Rb1 g5 49.Rb7 {"Der billigste Computer
spielt besser als du!"} 49...Rd1+ {"Worauf wartest du? Gib' auf!"} 50.Kg2 Rd7 
51.cxd7 {Mattankündigung.} 51...Qd8 52.Qxd8+ Kf7 53.Qb6 g4 54.d8=Q# {"... ich
hab' gewusst, dass du's vermasselst."} 1-0

[Event "Treppenturnier 2023"]
[Site "Turnierstufe"]
[Date "2023.11.11"]
[Round "08-1"]
[White "Kishon Chesster"]
[Black "Super VIP"]
[Result "1-0"]
[WhiteElo "1835"]
[BlackElo "1836"]
[PlyCount "127"]

{Super VIP bekleckert sich im Spielaufbau nicht mit Ruhm und verliert.} 1.d4 
Nf6 2.c4 e5 3.dxe5 Ng4 4.Bf4 Nc6 5.Nf3 Bb4+ 6.Nc3 {Buchende.} 6...Bxc3+ 7.bxc3 
Qe7 {Buchende.} 8.e4 Ngxe5 9.Nxe5 Nxe5 10.Be3 O-O 11.c5 f5 $6 {zu früh, zu
ungestüm.} 12.exf5 Rxf5 13.Be2 Kh8 14.O-O Nc6 $2 ( 14...b6 15.Re1 Bb7 {...} ) 
15.Bd3 Re5 16.Qf3 d6 17.cxd6 cxd6 18.Bf4 Rc5 {Das sieht nicht gut aus für
Schwarz.} 19.Rfe1 Ne5 20.Qe4 g6 21.Qd4 Qc7 22.Rad1 Be6 23.Be4 ( {Kompliziert,
aber stärker noch:} 23.Bxg6 $1 ) 23...Bxa2 24.Qxd6 Qxd6 25.Rxd6 Nc6 26.Bxc6 
bxc6 27.Be3 Rc4 28.Ra1 Bb3 29.Rxa7 Rxa7 30.Bxa7 Kg8 31.Bd4 c5 32.Be5 Kf7 33.f4 
Ba4 34.Kf2 Re4 35.Rb6 g5 36.Kf3 Re1 37.Rb7+ Ke6 38.Rxh7 Bd1+ 39.Kf2 Re4 40.Rh6+ 
Kf7 41.g3 Bg4 42.h3 gxf4 43.hxg4 Rxe5 44.gxf4 Re4 45.Kf3 Rc4 {Das Turmendspiel
fährt der Kishon Chesster mustergültig nach Hause.} 46.g5 Rxc3+ 47.Ke4 Rc1 
48.f5 c4 49.Rh7+ Kg8 50.Rc7 c3 51.Rc8+ Kf7 52.g6+ Kf6 53.Rc6+ Kg7 54.Rc7+ Kh6 
55.Rh7+ Kg5 56.g7 Re1+ 57.Kd4 {"Heiliger Strohsack, gib' auf!"} 57...Re8 58.Rh8 
c2 59.Rxe8 c1=Q 60.g8=Q+ Kh4 61.Re4+ {Mattankündigung.} 61...Qf4 62.Rxf4+ Kh3 
63.f6 Kh2 64.Rh4# 1-0

[Event "Treppenturnier 2023"]
[Site "Turnierstufe"]
[Date "2023.11.14"]
[Round "08-2"]
[White "Super VIP"]
[Black "Kishon Chesster"]
[Result "1/2-1/2"]
[WhiteElo "1826"]
[BlackElo "1845"]
[PlyCount "101"]

{Super VIP kommt mit einem blauen Auge davon.} 1.e4 c5 2.f4 {Schon Buchende.
Super VIP wird wieder einmal von der Bibliothek im Stich gelassen.} 2...Nc6 
3.Nc3 e6 {Buchende.} 4.Bc4 Nf6 5.e5 d5 6.exf6 $6 {Ein Läuferrückzug wäre besser
gewesen.} 6...dxc4 7.fxg7 Bxg7 8.Nf3 Bd4 9.Nb5 Bf6 10.Qe2 a6 11.Nc3 Nd4 12.Qd1 
( {Besser:} 12.Nxd4 ) 12...Rg8 13.g3 {Wieder ist die Stellung von Super VIP gar
nicht gut.} 13...b5 14.Ne4 Bb7 15.d3 Be7 16.Nxd4 Qxd4 {Armer Novag.} 17.Rf1 
Bxe4 $6 ( {Wesentlich kraftvoller ist:} 17...cxd3 $1 18.Nf2 ( 18.cxd3 c4 19.Nc3 
cxd3 20.Qd2 b4 21.Nd1 Rc8 {...} ) 18...c4 19.c3 Qc5 20.Bd2 O-O-O {...} ) 
18.dxe4 Qxe4+ 19.Qe2 Qxe2+ 20.Kxe2 Bf6 21.Rd1 Rd8 22.Rxd8+ Kxd8 23.c3 b4 24.Kd2 
Kc7 25.Kc2 h5 26.cxb4 cxb4 27.Be3 c3 28.bxc3 bxc3 29.Rd1 Rc8 $2 {Nun kann Super
VIP den Bauern zurückbekommen.} 30.Bd4 Bxd4 {"Hör' mal, du beginnst gefährlich
zu werden."} 31.Rxd4 Kb6 32.Rb4+ Ka5 33.Rb7 f6 34.Rb3 e5 35.Rxc3 Re8 36.fxe5 
fxe5 37.Rc6 Rf8 38.Rc5+ Ka4 39.Rxe5 Rf2+ 40.Kd3 Rxh2 41.Ke3 a5 42.a3 h4 43.Re4+ 
Kxa3 44.gxh4 a4 45.Kf3 Kb3 46.Kg3 Rc2 47.Re3+ Kb2 48.h5 a3 49.h6 a2 50.h7 Rc8 
51.Re2+ {und Remis.} 1/2-1/2

[Event "Treppenturnier 2023"]
[Site "Turnierstufe"]
[Date "2023.11.18"]
[Round "08-3"]
[White "Kishon Chesster"]
[Black "Super VIP"]
[Result "1-0"]
[WhiteElo "1844"]
[BlackElo "1827"]
[PlyCount "105"]

{Erneut ist Super VIP chancenlos.} 1.e4 c5 2.Nf3 Nc6 3.d4 cxd4 4.Nxd4 g6 5.c4 
Nf6 6.Nc3 Nxd4 7.Qxd4 d6 8.Be3 Bg7 9.f3 O-O 10.Qd2 Qa5 11.Rc1 Bd7 12.Be2 Rfc8 
13.O-O a6 14.b3 Bc6 {Buchende.} 15.Bd4 {Buchende.} 15...Rd8 16.Qe3 Rdc8 17.Rcd1 
e6 18.f4 Qc7 19.a4 Qe7 20.e5 Ne8 {Auch in dieser Partie drängt Kishon Chesster
den kleinen Novag in die Defensive.} 21.Ne4 d5 22.Ng5 Nc7 23.Bc5 Qe8 24.a5 dxc4 
25.bxc4 Rd8 26.Bd6 Rac8 27.Bg4 {Der Fidelity steht so überlegen, dass Super VIP
Material verlieren muss.} 27...Ba4 28.Rb1 Bc6 29.Qd4 $6 ( {Besser könnte es so
weitergehen:} 29.Ne4 Bxe4 30.Qxe4 Bf8 31.Qd4 Qa4 32.Rfd1 Qxa5 33.Rxb7 Ne8 34.c5 
Nxd6 35.cxd6 {...} ) 29...Qd7 30.Qb6 Ne8 31.Bc5 Nc7 $6 32.Rfd1 Qe8 33.Rxd8 Qxd8 
34.Rd1 Qe8 {Super VIP fühlt sich wohl: -0.15.} 35.Bd6 Na8 36.Qe3 Nc7 37.Bf3 
Bxf3 38.Qxf3 h6 39.Qxb7 hxg5 40.Bxc7 gxf4 41.c5 f6 $2 ( 41...Rxc7 {wäre das
kleinere Übel gewesen. Dann z.B.:} 42.Qxc7 Qa4 43.Qd8+ Bf8 44.Rf1 Qc4 45.c6 
Qxc6 46.Rxf4 Qc5+ 47.Rf2 Qxe5 {... aber welcher Oldie gibt dafür die Qualität?} 
) 42.exf6 Bxf6 43.c6 {Eigentlich kann Super VIP einpacken.} 43...g5 {(-0.94)} 
44.Rd7 Ra8 45.Qb6 {Ist ok, es ginge aber schneller:} ( 45.Qb1 $1 Bg7 ( 
45...Qxd7 46.cxd7 Kg7 47.Qb7 Rh8 48.d8=Q Bxd8 49.Be5+ {...} ) 46.Be5 Qxd7 
47.cxd7 Bxe5 48.Qg6+ Kf8 49.Qxg5 Kf7 50.d8=Q Rxd8 51.Qxd8 {...} ) 45...Qg6 
46.h3 e5 ( 46...Qe4 {HIARCS 15.2 sagt hier nach weniger als einer Sekunde 0.00
mit dieser Variante:} 47.Kh2 Qc2 48.Qg1 Qxc6 49.Qd1 Qb5 50.Rd6 Kf7 51.Qh5+ Kg7 
52.Rb6 Qd5 53.Rd6 Qb5 {... was natürlich unsere Kleinen unmöglich errechnen
können.} ) 47.Bb8 Qe8 48.c7 Qxd7 49.Qxf6 {"Gib' auf!"} 49...Kh7 {(-5.47)} 
50.Qd8 Qc6 51.c8=Q Qxc8 {(-8.88)} 52.Qxc8 Rxb8 {(-9.99)} 53.Qxb8 {Kishon
Chesster sagt: "Ende,Ende..." und so ist dann auch.} 1-0

[Event "Treppenturnier 2023"]
[Site "Turnierstufe"]
[Date "2023.11.22"]
[Round "08-4"]
[White "Super VIP"]
[Black "Kishon Chesster"]
[Result "1-0"]
[WhiteElo "1817"]
[BlackElo "1854"]
[PlyCount "133"]

{Kishon Chesster ist zerstreut und verliert.} 1.e4 c5 2.d4 cxd4 3.c3 dxc3 
4.Nxc3 Nc6 5.Nf3 {Buchende.} 5...d6 6.Bc4 e6 7.O-O Nf6 {Buchende.} 8.Be3 Ng4 
9.Bf4 Be7 10.Nb5 e5 11.Bg3 a6 12.Nc3 O-O 13.Rc1 b5 14.Bd5 Bd7 15.a4 Qa5 16.axb5 
axb5 17.Qb3 b4 {Kishon Chesster spielt aktiver und Super VIP hat nichts für
seinen geopferten Bauern.} 18.Nb1 Qb6 19.Rc4 Rab8 20.Qc2 b3 21.Qd2 Na5 22.Rcc1 
Bb5 23.Rfd1 Ba6 24.Nc3 Nc4 25.Bxc4 Bxc4 26.Nd5 Bxd5 27.Qxd5 Rfc8 28.Qd3 Rxc1 
29.Rxc1 Ra8 30.Nd2 Bg5 31.Nc4 Qb4 32.Rd1 Be7 {Kishon Chesster hat aber auch
keinen Vorteil} 33.f3 Ra4 34.Nd2 Qb6+ 35.Kh1 Nf2+ 36.Bxf2 Qxf2 37.Qxb3 {Weiß hat
den Morra-Gambit-Bauern zurück und nach weiterem Abtausch einen entfernten
Freibauern.} 37...Qa7 38.Nc4 Ra1 39.h3 Rxd1+ 40.Qxd1 Qd4 $2 {Ein unsinniger,
weil kurzsichtiger Zug.} 41.Qxd4 exd4 42.Kg1 g6 43.b3 f5 44.Kf2 Kf7 45.Ke2 fxe4 
46.fxe4 Ke6 47.Kd3 d5 48.Nb6 dxe4+ 49.Kxd4 e3 50.Nd5 Bf6+ 51.Ke4 e2 52.Nf4+ Kd6 
53.Nxe2 Kc5 54.Nf4 Be7 55.Nd5 Bd6 56.g4 h6 57.Nf4 Bxf4 $2 {Dieser Abtausch
ermöglicht Weiß den schnellen Sieg.} 58.Kxf4 Kd5 59.h4 Ke6 60.b4 Kd5 {Rest in je
1 Minute/Zug.} 61.b5 {(+1.54)} 61...Kd6 62.g5 h5 63.b6 {(+4.04)} 63...Kc6 {"Na,
jetzt reicht es."} 64.Ke5 Kxb6 65.Kf6 {"Sadist, ja, du bist ein Sadist."} 
65...Kc5 66.Kxg6 Kd4 67.Kxh5 {und Schluss.} 1-0

[Event "Treppenturnier 2023"]
[Site "Turnierstufe"]
[Date "2023.11.25"]
[Round "09-1"]
[White "Kishon Chesster"]
[Black "Designer 2100 Display"]
[Result "1/2-1/2"]
[WhiteElo "1843"]
[BlackElo "1871"]
[PlyCount "108"]

1.d4 d5 2.c4 e6 3.Nc3 Nf6 4.Bg5 Be7 5.e3 O-O 6.Nf3 Nbd7 7.Rc1 c6 8.Bd3 dxc4 
9.Bxc4 Nd5 10.Bxe7 Qxe7 11.O-O Nxc3 12.Rxc3 e5 13.dxe5 Nxe5 14.Nxe5 Qxe5 15.f4 
Qe4 16.Bb3 Bf5 17.Qh5 g6 18.Qh4 Rad8 19.Bc2 Qd5 20.Rd1 Qa5 21.Rxd8 Rxd8 22.b4 
Qb6 23.Bxf5 {Buchende.} 23...Rd1+ {Buchende. Die endlos lang einprogrammierte
Damengambit-Variante entlässt beide in eine ausgeglichene späte
Mittelspielposition.} 24.Kf2 Qxb4 25.Ke2 Rd6 26.Rd3 gxf5 27.Rxd6 Qxd6 28.Qg5+ 
Qg6 29.Qd8+ Kg7 30.Qd4+ f6 31.Kf3 a6 32.a4 $6 $15 ( 32.Qd7+ {Führt zum Remis.} 
32...Qf7 33.Qxf5 Qxa2 34.Qg4+ Kh6 35.Qh3+ Kg6 36.Qg4+ Kh6 ) 32...Qh5+ 33.Kf2 
Qf7 34.Qb6 Qa2+ 35.Ke1 Qxa4 36.Qxb7+ Kg6 37.Qc8 {Jetzt ist es definitiv remis.} 
37...Qa5+ 38.Kf1 Qa1+ 39.Kf2 Qa2+ 40.Kg3 Qb3 41.Qe8+ Kg7 42.Qd7+ Kh6 43.Qe7 
Qg8+ {Beide wollen aber noch etwas weiterspielen.} 44.Kf2 Kg6 45.e4 a5 46.e5 
Qa2+ 47.Kg3 Qf7 48.Qd6 $1 {Kishon Chesster erkennt die "Falle" und tauscht nicht
ab. Gut.} 48...Kg7 49.e6 Qe8 50.Qd7+ Kf8 {Was sonst...} 51.Qd6+ Kg8 52.Qd7 Kf8 
53.Qd6+ {Kishon Chesster bietet remis an.} 53...Kg8 54.Qd7 Kf8 {Remis 3x.} 1/2-1/2

[Event "Treppenturnier 2023"]
[Site "Turnierstufe"]
[Date "2023.11.26"]
[Round "09-2"]
[White "Designer 2100 Display"]
[Black "Kishon Chesster"]
[Result "1/2-1/2"]
[WhiteElo "1870"]
[BlackElo "1844"]
[PlyCount "200"]

1.e3 e5 2.b3 c5 3.Bb2 Nc6 4.Nf3 e4 5.Ne5 d6 6.Nxc6 bxc6 7.d3 Nf6 8.dxe4 Nxe4 
9.Bd3 {Buchende.} 9...Qa5+ {Buchende. Beide spielen mit 'Alle Eröffnungen' und
hauen dann so ein Abspiel bis zum 9. Zug raus: A00, HCEPro sagt 'Van't Kruijs
Opening'. Ganz so schlecht kann das System nicht sein, denn der Erfinder war
Ende des 19. Jhd. immerhin niederländischer Meister. In jedem Falle wird es
abwechslungsreich.} 10.c3 f5 11.O-O d5 12.c4 Qb6 13.cxd5 cxd5 14.Be2 Qd6 
15.Bh5+ {Schwarz hat bereits große Schwierigkeiten, seine Stellung
zusammenzuhalten...} 15...Kd7 16.f4 Ba6 17.Be5 Qe6 18.Be2 Bxe2 19.Qxe2 {... aber
Kishon Chesster schafft es.} 19...Ke8 20.Qb5+ Kf7 21.Qb7+ Be7 22.Na3 Rad8 {Und
nun dürfte sich die Quasselstrippe durchaus wohlfühlen,} 23.Nb5 Nf6 24.Nc7 Rd7 
25.Rad1 Ng4 26.Nxe6 Rxb7 27.Nxg7 Nxe5 ( 27...Nxe3 $6 28.Nxf5 Nxf5 29.Bxh8 Ne3 
30.Rd3 Nxf1 31.Kxf1 $16 {...} ) 28.Nxf5 Nc6 29.Rxd5 Nb4 30.Rd2 Re8 {Schwarz hat
einen Springer für drei Bauern, die Materialbilanz ist ausgeglichen, aber meist
gewinnt die Seite mit der Mehrfigur.} 31.Rfd1 Bf8 32.Re2 Kg8 33.e4 Re6 34.Ng3 
Nc6 35.Rf2 Rf7 36.e5 Be7 37.Rd5 Nb4 38.Rd7 a5 $6 ( 38...c4 $1 {gewinnt in allen
Varianten, sagt Hiarcs 15.2. Die Beiden können das natürlich nicht errechnen.} 
) 39.Rd1 Bh4 ( {Erneut} 39...c4 $1 ) 40.Rdd2 a4 41.bxa4 Ra7 42.Rf3 Rxa4 43.Nf5 
Be7 44.Nxe7+ Rxe7 45.Rg3+ Kf7 46.Rh3 Ke8 47.Rc3 Rc7 48.a3 Na6 49.Rd6 Rd7 
50.Rxd7 Kxd7 51.f5 Rf4 52.Rd3+ Ke8 53.f6 c4 54.Rg3 Re4 55.Rg8+ Kf7 56.Rg7+ ( 
56.Rc8 $1 {ist wichtig, um noch eine Remischance zu haben.} ) 56...Kf8 57.Rxh7 
Rxe5 58.Rh8+ Kf7 59.Rh7+ Kg8 60.Ra7 Ra5 {Umstellung auf Stufe A5 (1 min/Zug)} 
61.Rg7+ Kf8 62.Rg3 Rc5 63.Rc3 Kf7 {"Ich bin gespannt, was du jetzt machst. Pech
gehabt!"} 64.h4 Nc7 65.g4 Kxf6 66.g5+ Kg6 67.Kf2 Nd5 68.Rc1 Kh5 $2 {Nun wird's
wohl doch nur Remis, weil Weiß den schwarzen Bauern kassiert.} ( 68...c3 $1 
69.Ke2 Rc4 70.Kd3 Rxh4 71.Kc2 Kxg5 {...} ) 69.Kf3 c3 70.Ke4 Kxh4 71.Kd4 Ra5 
72.g6 Nf4 73.Rh1+ Nh3 74.Rc1 Rg5 75.Rxc3 Rxg6 76.a4 Nf4 77.Ra3 Kg4 78.a5 Ra6 
79.Kc4 Ne6 80.Kb5 Nc7+ 81.Ka4 Re6 82.Rc3 Nd5 83.Rc5 Nf4 84.Kb5 Re2 85.a6 Re3 
86.a7 Re8 87.Kb6 Rh8 88.Kb7 Kf3 89.Rc3+ Ke4 {Kishon Chesster bietet ein Remis
an.} 90.Rc8 Rh7+ 91.Ka6 Rxa7+ 92.Kxa7 {Remis, sagt die Endspieldatenbank. Aber
wissen es auch die Beiden? Der Springer muss nur beim König bleiben.} 92...Nd5 
93.Ka6 Kd4 94.Rh8 Nf4 95.Kb5 Nd3 96.Rd8+ Ke4 97.Kc4 Ne5+ 98.Kc5 Nd3+ 99.Kd6 Kd4 
100.Ke6+ Ke4 {Ok, lassen wir es dabei. Remis.} 1/2-1/2

[Event "Treppenturnier 2023"]
[Site "Turnierstufe"]
[Date "2023.11.27"]
[Round "09-3"]
[White "Kishon Chesster"]
[Black "Designer 2100 Display"]
[Result "1/2-1/2"]
[WhiteElo "1845"]
[BlackElo "1869"]
[PlyCount "29"]

1.b4 a5 2.b5 Nf6 3.Bb2 d6 4.e3 g6 5.d4 Bg7 6.Nf3 O-O 7.c4 c5 8.Nc3 cxd4 9.exd4 
{Buchende.} 9...Qc7 {Buchende. Auch mit Orang-Utans kennen die Zwei sich bis zum
neunten Zug aus.} 10.Bd3 Be6 11.Qe2 Nh5 12.Qe4 $6 {Fragwürdig, aber das sehen
nur Hiarcs, Stockfish und Co.} ( 12.g3 {und alles ist im Lot.} ) 12...Nf6 ( {Es
geht die für Oldies - und für mich - undurchschaubare Variante:} 12...Bxc4 {und
z.B.:} 13.Bxc4 Qxc4 14.Qxb7 Nd7 15.Qxd7 Nf4 16.Qc6 Qd3 17.Ng1 Qxd4 18.Nge2 Nd3+ 
19.Kd2 Bh6+ 20.Kc2 Nb4+ 21.Kb3 Nxc6 22.Nxd4 Nxd4+ {...} ) 13.Qe2 {Das
Plappermaul bietet ein Remis an.} 13...Nh5 {Und die beiden sehr ähnlichen
Programme schließen einvernehmlich Frieden.} 14.Qe4 {Die beiden Fidelity-Rechner
bewerten den möglichen Verlust des Bauern b7 wohl sehr hoch - wegen des
entstehenden vorgerückten weißen Freibauern. Deshalb:} 14...Nf6 15.Qe2 {Remis
3x.} 1/2-1/2